000 03325cam a2200385Ia 4500
001 6467952
005 20170105102938.0
006 m d
007 cr cnu---unuuu
008 070330s2007 enka sb 001 0 eng d
020 _a9780203089163 (electronic bk.)
020 _a0203089162 (electronic bk.)
035 _a(N$T)ocn104893796
035 _a(OCoLC)104893796
035 _a(NNC)6467952
040 _aN$T
_cN$T
050 1 4 _aJZ5538
_b.H36 2007eb
082 0 4 _a303.66
_222
_bHAN 2007
245 0 0 _aHandbook of peace and conflict studies
_h[electronic resource] /
_cedited by Charles Webel and Johan Galtung.
260 _aLondon ;
_aNew York :
_bRoutledge,
_c2007.
300 _axv, 406 p. :
_bill. ;
_c26 cm.
504 _aIncludes bibliographical references and index.
505 0 _aIntroduction : Toward a philosophy and metapsychology of peace / Charles Webel -- Introduction : Peace by peaceful conflict transformation : the TRANSCEND approach / Johan Galtung -- Negotiation and international conflict / Fen Osler Hampson, Chester A. Crocker and Pamela R. Aall -- Mediation / Sara Horowitz -- Former Yugoslavia and Iraq : a comparative analysis of international conflict mismanagement / Jan Oberg -- Peace studies and peace politics : multicultural common security in North-South conflict situations / Kinhide Mushakoji -- Disarmament and survival / Marc Pilisuk -- Nuclear disarmament / David Krieger -- Counseling and training for conflict transformation and peace-building : the TRANSCEND approach / Wilfried Graf, Gudrun Kramer and Augustin Nicolescou -- Nonviolence : more than the absence of violence / Jørgen Johansen -- Human rights and peace / Jim Ife -- Reconciliation / Joanna Santa-Barbara -- Peace as a self-regulating process / Dietrich Fischer -- Gender and peace : towards a gender-inclusive, holistic perspective / Tony Jenkins and Betty A. Reardon -- Peace business : an introduction / Jack Santa-Barbara -- Peace journalism / Jake Lynch and Annabel McGoldrick -- Peace psychology : theory and practice / Antonella Sapio and Adriano Zamperini -- Rethinking peace education / Alicia Cabezudo and Magnus Haavelsrud -- Peace studies as a transdisciplinary project / Chadwick F. Alger -- The spirit of war and the spirit of peace : understanding the role of religion / Graeme MacQueen -- International law : amid power, order and justice / Richard Falk -- The language-games of peace / Anat Biletzki -- Peace and the arts / Patrick McCarthy -- Peace through health? / Neil Arya -- Conclusion : Peace and conflict studies : looking back, looking forward / Johan Galtung and Charles Webel.
533 _aElectronic reproduction.
_bBoulder, Colo. :
_cNetLibrary,
_d2007.
_nAvailable via World Wide Web.
_nAccess may be limited to NetLibrary affiliated libraries.
_nThis edition published in the Taylor & Francis e-Library, 2007.
650 0 _aPeace-building.
650 0 _aConflict management.
655 7 _aElectronic books.
_2local
700 1 _aWebel, Charles.
700 1 _aGaltung, Johan.
710 2 _aNetLibrary, Inc.
776 1 _cOriginal
_z0415396654
_z9780415396653
_z0203089162
_z9780203089163
_w(DLC) 2006027025
_w(OCoLC)71146262
856 4 0 _uhttp://www.columbia.edu/cgi-bin/cul/resolve?clio6467952
_zClick here for full text.
942 _2ddc
_cBK
999 _c16380
_d16380